00379nam a2200145Ia 4500020001800000082002000018100002100038245004100059260003100100300001300131504001300144650002800157650002900185700001900214 a0-02-900590-6 aRR 330.03 AMM-; aAmmer, Christine 0aDictionary of business and economics aNew YorkbFree Pressc1977 ax, 461p. aRef.book aBusiness - Dictionaries aEconomics - Dictionaries aAmmer, Dean S.